000
00342nam a2200133Ia 4500
008
240624s9999 xx 000 0 und d
041
_a
eng
082
_a
658.4012 CHE
100
_a
CHEN STEPHEN
245
_a
STRATEGIC MANAGEMENT OF E BUSINESS
260
_c
2001
_a
Chichester
_b
John Wiley
300
_a
xii, : 357 : p. : cm. ; 25
365
_c
RS
999
_c
1445
_d
1445